LEADER 01494nam a2200289 i 4500 001 000000340198 003 CaOOAMICUS 005 20200516125450.0 008 200516s1967 vc u000 u ita u 013 $a175283 040 $aSeMil$bita 245 10$aLettera enciclica della Santitą di Nostro Signore Paolo per divina provvidenza Papa 6. ai vescovi, ai confratelli nel sacerdozio e ai fedeli di tutto il mondo cattolico sul celibato sacerdotale. 260 $a[Cittą del Vaticano] :$bTipografia Poliglotta Vaticana,$c1967. 300 $a61 p. ;$c23 cm. 541 $aFondo Card. Giovanni Colombo. 650 4$aCelibato ecclesiastico.$0(OLS)http://semarc/subject/1627 650 4$aPaolo VI - Encicliche.$0(OLS)http://semarc/subject/3431 700 0 $aPaulus VI,$c.$0(OLS)http://semarc/name/803 850 $aSeMil 852 $aSeMil$W1$xVenegono$y1$m3GC VIII 255/18$j220945$B231323$CSeMilBibl$Z2$F231323 $8B 900 1 $aMontini, Giovanni Battista,$d<1897-1978>. 900 0 $aPaolo VI$c. 996 $6245$aLettera enciclica della Santitą di Nostro Signore Paolo per divina provvidenza Papa 6. ai vescovi, ai confratelli nel sacerdozio e ai fedeli di tutto il mondo cattolico sul celibato sacerdotale$9(OLS)http://semarc/title/429204 996 $6260$a[Cittą del Vaticano] :$bTipografia Poliglotta Vaticana$9(OLS)http://semarc/publisher/32047 LEADER 01169nam a2200277 4500 001 000000333681 003 CaOOAMICUS 005 20190606161555.0 008 190529s2002 it 000 u ita r 020 $a88-87890-06-4 040 $aSeMil$bita 100 1 $aFilippi, Diego.$0(OLS)http://semarc/name/109517 245 10$aPareti del Sarca :$bvie classiche e moderne nella valle del Sarca / $cDiego Filippi. 264 1$aMilano :$bVersante sud,$c2002. 300 $a335 p. :$bill. ;$c21 cm. 490 1 $aLuoghi verticali 500 $aCon abstract in tedesco. 650 4$aSarca .$0(OLS)http://semarc/subject/48400 650 4$aAlpinismo.$0(OLS)http://semarc/subject/10440 830 0$aLuoghi verticali.$0(OLS)http://semarc/title/423342 850 $aSeMil 852 $aSeMil$W1$xVenegono$y1$m4Y III 129$j213412$B226209$CSeMilBibl$Z2$F226209 $81 996 $6020$a88-87890-06-4$9(OLS)http://semarc/number/287366 996 $6245$aPareti del Sarca :$bvie classiche e moderne nella valle del Sarca / $9(OLS)http://semarc/title/423343 996 $6264$aMilano :$bVersante sud$9(OLS)http://semarc/publisher/58265